Cacti : The illustrated dictionary

Acknowledgments, Introduction, Using the dictionary, ...

Enregistré dans:
Détails bibliographiques
Auteur principal: Preston-Mafham, Rod
Format: Livre
Langue:Undetermined
Publié: London,New York, N.Y. Cassell,Distributed in the United States by Sterling Pub. Co. 1995,1995
Sujets:
Tags: Ajouter un tag
Pas de tags, Soyez le premier à ajouter un tag!
Thư viện lưu trữ: Trung tâm Học liệu Trường Đại học Cần Thơ
LEADER 00661nam a2200205Ia 4500
001 CTU_226402
008 210402s9999 xx 000 0 und d
082 |a 635.93356 
082 |b P942 
100 |a Preston-Mafham, Rod 
245 0 |a Cacti : 
245 4 |b The illustrated dictionary 
245 0 |c Rod & Ken Preston-Mafham 
260 |a London,New York, N.Y. 
260 |b Cassell,Distributed in the United States by Sterling Pub. Co. 
260 |c 1995,1995 
520 |a Acknowledgments, Introduction, Using the dictionary, ... 
650 |a Cactus,Cây xương rồng 
910 |b nthai 
980 |a Trung tâm Học liệu Trường Đại học Cần Thơ